00737nam a2200229Ia 4500003000900000008004100009040001300050040001300063041000800076100002700084245009100111250001100202260001200213260000900225300001100234300001000245490002800255490000600283942000700289999001700296952019400313IT-RoPAU120407s9999 xx 000 0 und d aIT-RoPAU cIT-RoPAU aita a"Erasmo da Rotterdam " a"La formazione cristiana dell’uomo. Introd., trad. e note di E. Orlandini Traverso." aMilano aRusconi c1989 a470 p. c22 cm aI classici del pensiero v1 cBK c34966d34966 00102ddc406277_10000000000000071aPAULUSbPAULUSd2012-04-11l0o277.1r2012-04-11 00:00:00w2012-04-11yBKzInserito da: Jole In data: 22 luglio 2011 fondo: Via A.Severo 56 Progr:19556